000 00740nam a2200289Ia 4500
005 20260324112535.0
008 008 260324s9999 xx 000 0 eng d
020 _a9781032657431
037 _aEBOOK
040 _aCRL
040 _beng
040 _cCRL
041 _2eng
041 _aeng
084 _qCRL
100 _aTan Yigitcanlar; Surabhi Pancholi; Niusha Esmaeilpoorarabi; Rosemary Adu-McVie
_91143124
245 0 _aInnovation District Planning
245 0 _bConcept, Framework, Practice
260 _bTaylor and Francis
260 _c2024
365 _a
365 _b140
856 _uhttp://www.taylorfrancis.com/books/9781032657431
942 _cEBOOK
999 _c1732368
_d1732368